000 00468nam a2200169 4500
003 DO-SdBNP
005 20180209141255.0
008 161209b2005 xxu||||| |||| 00| 0 spa d
020 _a2764117310
040 _aBPMSU
_bspa
_cBPMSU
245 _aAprendizaje interactivo contigo aprendo mejor
260 _aMontreal :
_bTormont Publicacion
_c2005
300 _a37 p. :
_bil. :
_c29 cm
942 _2ddc
_cBK
945 _aInventariado, 2018 / BT
956 _adgarcia
999 _c12379
_d12379